000
00309nam a22001217a 4500
020
_a
978935053127
082
_a
664
_b
SHA/HA
100
_a
SHARMA, RASHMI. S
_9
280
245
_a
Hand Book of Food Processing and Food Safety
260
_a
New Delhi
_b
Cyber Tech Publications
_c
2013
300
_a
248
942
_c
BK
999
_c
14218
_d
14218